| 000 | 00509nam a22001817a 4500 | ||
|---|---|---|---|
| 003 | CEME | ||
| 005 | 20210628203214.0 | ||
| 008 | 210203b xxu||||| |||| 00| 0 eng d | ||
| 020 | _a9788120332366 | ||
| 040 | _c. | ||
| 082 | _a330 ARM | ||
| 100 |
_aArmendariz, Beatriz , Morduch, Jonathan _963956 |
||
| 245 | _aThe economics of microfinance | ||
| 260 |
_aNEW DELHI _bPRENTICE HALL OF INDIA _c2005 |
||
| 300 | _aXIV, 346P | ||
| 650 |
_aECONOMICS OF MICROFINANCE. , MICROFINANCE _963957 |
||
| 942 |
_cBK _2ddc |
||
| 999 |
_c572631 _d572631 |
||